| 000 | 00857cam a2200193 4500 | ||
|---|---|---|---|
| 001 | WS119294 | ||
| 008 | 020812n 000 0 eng u | ||
| 035 | _a(Sirsi) u119294 | ||
| 110 |
_aInternational Council of Management Consulting Institutes _94333 |
||
| 245 | _aInternational Council of Management Consulting Institutes | ||
| 520 | _aWeb site for this global association of national management consulting institutes. These national institutes administer the international CMC certificate, certified management consultant. Includes their code of conduct. | ||
| 650 | _aORGANISATION | ||
| 650 | _aINTERNATIONAL | ||
| 650 |
_aManagement consultancy _96255 |
||
| 650 | _aCERTIFIED MANAGEMENT CONSULTANT | ||
| 690 | _aMANAGEMENT-BUSINESS MANAGEMENT | ||
| 856 | 4 | 0 |
_uhttps://www.icmci.org _zView the website free of charge at www.icmci.org... |
| 942 | _n0 | ||
| 999 |
_c120171 _d120171 |
||